Sports Quiz

Random Sports or MLB Quiz

1975 Topps Baseball Cincinnati Reds Quiz Stats

 Plays Quiz not verified by Sporcle

Score 0/29 Timer 08:00
0 Plays Today
Pos. Player/Manager % Correct
OFPete Rose
98.7%
CJohnny Bench
97.5%
2BJoe Morgan
97.5%
SSDave Concepcion
96.2%
1BTony Perez
94.9%
OFKen Griffey
94.9%
OFCesar Geronimo
93.7%
OFGeorge Foster
92.4%
MGRSparky Anderson
92.4%
TEAMCincinnati Reds Team
87.3%
PDon Gullett
84.8%
3BDan Driessen
84.8%
PJack Billingham
82.3%
PGary Nolan
82.3%
PPedro Borbon
81%
Pos. Player/Manager % Correct
PRawly Eastwick
75.9%
PClay Carroll
73.4%
PTom Carroll
73.4%
OFEd Armbrister
73.4%
CBill Plummer
72.2%
PFred Norman
68.4%
SSDarrel Chaney
60.8%
PWill McEnaney
58.2%
OFMerv Rettenmund
51.9%
PPat Darcy
50.6%
PClay Kirby
43%
3B-SSJohn Vukovich
41.8%
OFTerry Crowley
40.5%
PTom Hall
40.5%

You're not logged in!

Compare scores with friends on all Sporcle quizzes.
OR
Log In

You Might Also Like...

Show Comments

Extras

Top Quizzes Today


Score Distribution

Your Account Isn't Verified!

In order to create a playlist on Sporcle, you need to verify the email address you used during registration. Go to your Sporcle Settings to finish the process.

Report this User

Report this user for behavior that violates our Community Guidelines.

Details: